000
00311nam a22001457a 4500
008
221114b ||||| |||| 00| 0 eng d
020
_a
0273010409
041
_a
eng
080
_a
721
082
_a
721 DOD
100
_a
20.2
101
_a
GEO
245
_a
TENSOR GEOMETRY
_c
DODSON C T J
942
_2
udc
_c
BK
999
_c
58878
_d
58878